Zindagānī-i Shāh Ismaʻīl Ṣafavī, (Record no. 50204)

MARC details
000 -LEADER
fixed length control field 00728cam a22002051 4500
001 - CONTROL NUMBER
control field ne 68000957
003 - CONTROL NUMBER IDENTIFIER
control field DLC
005 - DATE AND TIME OF LATEST TRANSACTION
control field 20260227111839.0
008 - FIXED-LENGTH DATA ELEMENTS--GENERAL INFORMATION
fixed length control field 870501s1962 ir 000 0 pero
010 ## - LIBRARY OF CONGRESS CONTROL NUMBER
LC control number ne 68000957
035 ## - SYSTEM CONTROL NUMBER
System control number (OCoLC)15620929
040 ## - CATALOGING SOURCE
Original cataloging agency DLC
Transcribing agency CU
Modifying agency DLC
042 ## - AUTHENTICATION CODE
Authentication code premarc
050 00 - LIBRARY OF CONGRESS CALL NUMBER
Classification number DS292.3
Item number .R3
100 1# - MAIN ENTRY--PERSONAL NAME
Personal name Raḥīmʹzādah Ṣafavī, ʻAlī Aṣghar,
Dates associated with a name 1894 or 1895-1959
245 10 - TITLE STATEMENT
Title Zindagānī-i Shāh Ismaʻīl Ṣafavī,
Remainder of title sharḥ-i janghā va tārīkh.
Statement of responsibility, etc. Taʼlīf-i Raḥīmʹzādah Ṣafavī. Bi-ihtimām-i Yūsuf PūrʹṢafavī.
260 ## - PUBLICATION, DISTRIBUTION, ETC.
Place of publication, distribution, etc. [Tihrān]
Name of publisher, distributor, etc. Kitābfurūshī-i Khayyām,
Date of publication, distribution, etc. 1341 [1962]
300 ## - PHYSICAL DESCRIPTION
Extent 4, 450 p.
Dimensions 25 cm.
600 00 - SUBJECT ADDED ENTRY--PERSONAL NAME
Personal name Ismāʻīl
Numeration I,
Titles and other words associated with a name Shah of Iran,
Dates associated with a name 1487-1524.

No items available.

Powered by Koha